LDR 00877naa#a2200205#i#450# 001 RU\INFRA-M\bibl\126767 005 20260704161800.6 011 ## _a2305-7807 100 ## _a20260430b2026####ek#y0rusy0150####ca 102 ## _aRU 200 1# _aТРАНСФОРМАЦИЯ МОДЕЛЕЙ ЗАНЯТОСТИ НАСЕЛЕНИЯ В СОВРЕМЕННОЙ ЭКОНОМИКЕ _eЖурнальная статья 210 1# _aМосква _cОбщество с ограниченной ответственностью «Научно-издательский центр ИНФРА-М» _d2026 215 ## _a5 с. 608 ## _aЖурнальная статья _2local 675 ## _aРынок труда. Занятость. 331.5 _z 700 #1 _aАнисимов _gА. Ю. 700 #1 _aРожков _gВ. Д. 700 #1 _aГоршкова _gА. А. 700 #1 _aШумейко _gВ. А. 856 4# _azh-szf.ru _u